Consumers divided on house prices (Record no. 71852)

MARC details
000 -LEADER
fixed length control field 00994cam a2200217 4500
001 - CONTROL NUMBER
control field WB3901-18
008 - FIXED-LENGTH DATA ELEMENTS--GENERAL INFORMATION
fixed length control field 030102n2002 000 0 eng u
035 ## - SYSTEM CONTROL NUMBER
System control number (Sirsi) u120882
245 ## - TITLE STATEMENT
Title Consumers divided on house prices
260 ## - PUBLICATION, DISTRIBUTION, ETC.
Date of publication, distribution, etc. 2002
490 ## - SERIES STATEMENT
Series statement Woolwich Press Release
Volume/sequential designation 27 December 2002, (2)
520 ## - SUMMARY, ETC.
Summary, etc. The latest consumer confidence research by Woolwich reveals that 53% of people expect UK house prices to rise during 2003, with 47% expecting stability or decreases. Woolwich predicts that base rates will increase by around three quarters of a percent in 2003, house price inflation will fall gradually, and gross mortgage lending will slow. www.woolwich.co.uk/content/CRP/hotnews/pressrelease/pr27_12_02.htm
590 ## - LOCAL NOTE (RLIN)
Local note WB
650 ## - SUBJECT ADDED ENTRY--TOPICAL TERM
Topical term or geographic name entry element WOOLWICH
650 ## - SUBJECT ADDED ENTRY--TOPICAL TERM
Topical term or geographic name entry element HOUSING MARKET SURVEYS
650 ## - SUBJECT ADDED ENTRY--TOPICAL TERM
Topical term or geographic name entry element HOUSE PRICES
650 ## - SUBJECT ADDED ENTRY--TOPICAL TERM
Topical term or geographic name entry element MORTGAGE LENDING
650 ## - SUBJECT ADDED ENTRY--TOPICAL TERM
Topical term or geographic name entry element CONSUMER CONFIDENCE
690 ## - LOCAL SUBJECT ADDED ENTRY--TOPICAL TERM (OCLC, RLIN)
Topical term or geographic name as entry element PROPERTY-RESIDENTIAL PROPERTY-RESIDENTIAL PROPERTY MARKET
942 ## - ADDED ENTRY ELEMENTS (KOHA)
Suppress in OPAC 0
Holdings
Withdrawn status Lost status Source of classification or shelving scheme Damaged status Not for loan Home library Current library Shelving location Date acquired Total Checkouts Full call number Barcode Date last seen Copy number Price effective from Koha item type
    Dewey Decimal Classification     London London News article 02/01/2003   WB3901-18 120882-1001 06/08/2019 1 06/08/2019 News article